Statistics for MLB TOP 10 All Time Total Bases

Click here to take the quiz!

General Stats

  • This quiz has been taken 30 times
  • The average score is 8 of 10

Answer Stats

HintAnswer% Correct
6856Hank Aaron
100%
6142Albert Pujols
92%
5793Babe Ruth
92%
5976Barry Bonds
92%
6134Stan Musial
84%
6080Willie Mays
84%
5854Ty Cobb
76%
5813Alex Rodriguez
72%
5539Carl Yastrzemski
72%
5752Pete Rose
72%

Score Distribution

Percentile by Number Answered

Percent of People with Each Score

Your Score History

You have not taken this quiz